Návrh automatizovaného prípravku na výmenu a manipuláciu s obrobkom v kabíne laserového rezacieho stroja
Saved in:
| Main Author: | |
|---|---|
| Other Authors: | |
| Format: | Manuscript Book |
| Language: | Slovak |
| Published: |
2024
|
| Subjects: | |
| Online Access: | http://is.stuba.sk/zp/portal_zp.pl?podrobnosti=168366 |
| Tags: |
No Tags, Be the first to tag this record!
|
MARC
| LEADER | 00000ntm a22000003a 4500 | ||
|---|---|---|---|
| 001 | stuzp99941 | ||
| 003 | SK-STU | ||
| 005 | 20241105084249.7 | ||
| 007 | ta | ||
| 008 | 150427s2015----xo-----f-mn---000-0-slo-d | ||
| 040 | |a STU |b slo | ||
| 041 | 0 | |a slo | |
| 100 | 1 | |a Kučera, Matej |u 020070 |4 aut |U SjF Strojnícka fakulta |T SjF Ústav výrobného inžinierstva a kvality produkcie |X 115687 |U J0070 |Y 804 |7 115687 | |
| 242 | 0 | 1 | |a Design of an automated device for changing and handling the workpiece in the cabin of a laser cutting machine |y eng |
| 245 | 1 | 0 | |a Návrh automatizovaného prípravku na výmenu a manipuláciu s obrobkom v kabíne laserového rezacieho stroja |
| 260 | |c 2024 | ||
| 650 | 4 | |a Laserové rezanie |2 slo | |
| 650 | 4 | |a Prípravky |2 slo | |
| 650 | 4 | |a Návrh prípravku |2 slo | |
| 650 | 4 | |a device for changing and handling the workpiece |2 eng | |
| 650 | 4 | |a laser cutter |2 eng | |
| 650 | 4 | |a concept of device |2 eng | |
| 700 | 1 | |a Čačko, Viliam |u 020070 |k Z1 |4 ths |U SjF Strojnícka fakulta |T SjF Ústav výrobného inžinierstva a kvality produkcie |X 14123 |U J0070 |Y 804 |7 A000014123 | |
| 856 | 4 | |u http://is.stuba.sk/zp/portal_zp.pl?podrobnosti=168366 | |
| 996 | |b 284J047616 |c J* 3711/DBP |l JJSK |s A |a 24 |w stuzp99941_0001 | ||